01626nam a2200469 i 450000100060000000300090000600500170001500800390003201500180007104000280008904100180011704600090013508000130014408000110015708000100016808000130017810000360019124500720022726000390029930000570033838000160039538000230041138800100043449000900044450000430053450400260057754600250060365000140062865000100064265000220065265000110067465000130068565800310069865800260072971000470075583000900080283000710089285600980096394200120106199900170107395200660109051712KOSZ 00520220325103015.0051117s2005 pl a f |000 0 pol aPB 2005/21109 aWA NcWA NdKOSZ 005/HR0 apolbengbrus k2005 a624.2/.8 a004.67 a678.7 a539.3/.61 aŁagoda, Marekd(1948- )eAutor10aWzmacnianie mostów przez doklejanie elementów /cMarek Łagoda. aKraków :bWydawnictwo PK,c2005. a247 s. :bfot. (w tym kolor.), rys., wykr. ;c24 cm. aKsiążki aPublikacje naukowe a2001-1 aMonografia / Politechnika Krakowska im. Tadeusza Kościuszki. Inżynieria lądowa. aISSN i nr serii gł.: 0860-097X ; 322. aBibliogr. s. 224-242. aStreszcz. ang., ros. 4aKompozyty 4aMosty 4aMechanika budowli 4aRemont 4aKlejenie aArchitektura i budownictwo aTransport i logistyka2 aWydawnictwo Politechniki Krakowskiej4pbl. 0aMonografia - Politechnika Krakowska im. Tadeusza Kościuszki.pInżynieria Lądowa 0aMonografia - Politechnika Krakowska im. Tadeusza Kościuszkiv322 uhttp://koha.tu.koszalin.pl/cgi-bin/koha/opac-detail.pl?biblionumber=51712yKatalog online BPK 2UKDcKS c51712d51712 00104071aELBUDbELBUDcbo78932p02317748t624.2/.8 BmyKS